| 000 | 03943nam a22002177a 4500 | ||
|---|---|---|---|
| 005 | 20250829112822.0 | ||
| 006 | a|||||r||||||||||| | ||
| 008 | 250829b2013 |||||||| |||| 00| 0 eng d | ||
| 020 | _a9789604910816 | ||
| 040 |
_aGR-AtMCL _bgre _dGR-AtMCL _eAACR2 |
||
| 100 |
_aΓραββάνης, Γεώργιος Α. _910038 |
||
| 245 | 1 | 0 |
_aΥπολογιστικά μαθηματικά: υπολογιστικές μέθοδοι αριθμητικής ανάλυσης με χρήση MATLAB / _cΓεώργιος Α. Γραββάνης |
| 260 |
_aΑθήνα : _bΠαπασωτηρίου Εκδόσεις, _c2013 |
||
| 300 |
_a401 σ. : _bεικ. ; _c24 εκ. |
||
| 504 | _aΒιβλιογραφία: σ. 397-401 | ||
| 520 | _aΤο βιβλίο αυτό παρουσιάζει θέματα Υπολογιστικών Μεθόδων Αριθμητικής Ανάλυσης και περιλαμβάνει υπολογιστικές και αλγοριθμικές τεχνικές υλοποιημένες στο περιβάλλον MATLAB, ως εργαλείο επίλυσης προβλημάτων για επιστήμονες και μηχανικούς. Ο σκοπός του βιβλίου αυτού είναι να παρουσιάσει τη μαθηματική και αλγοριθμική μελέτη των αριθμητικών υπολογιστικών μεθόδων με έμφαση στην ανάπτυξη, ανάλυση και υλοποίηση μαθηματικού λογισμικού στο υπολογιστικό περιβάλλον MATLAB . Οι αρχάριοι καθώς επίσης και οι πεπειραμένοι προγραμματιστές, θα βρουν διάφορες κατηγορίες υπολογιστικών μεθόδων και προβλημάτων στο βιβλίο αυτό, ενώ παράλληλα δίνεται έμφαση στη συγγραφή σαφούς και αναγνώσιμου κώδικα σε όλο το βιβλίο. Όλα τα σχετικά παραδείγματα έχουν επιλυθεί στο περιβάλλον MATLAB, που βασίζεται στη γλώσσα προγραμματισμού C. H επιλογή αυτού του περιβάλλοντος παρέχει πρόσβαση σε βιβλιοθήκες υψηλών επιδόσεων όπως το LAPACK, δίνοντας τη δυνατότητα στο χρήστη να αναπτύξει μαθηματικό λογισμικό επίλυσης προβλημάτων σε ελάχιστο χρόνο και με ελάχιστο προγραμματιστικό φόρτο. Επιπλέον το MATLAB, επιτρέπει τη γρήγορη και άμεση σύγκριση μεταξύ προγραμμάτων που έχει υλοποιήσει ο χρήστης και ενσωματωμένων ρουτινών καθώς και την ενσωμάτωση κώδικα σε γλώσσες όπως η FORTRAN και η C στο περιβάλλον, ώστε να χρησιμοποιηθούν παράλληλα με τις υπάρχουσες βιβλιοθήκες. Τέλος, οι υπολογιστικές μέθοδοι που διαπραγματεύεται το βιβλίο έχουν ευρεία εφαρμογή σε προβλήματα Μαθηματικών, Φυσικής, των Οικονομικών Επιστημών και της Επιστήμης των Μηχανικών. Συνεπώς η έκδοση αυτή είναι χρήσιμη σε προπτυχιακούς και μεταπτυχιακούς φοιτητές, μηχανικούς και επιστήμονες θετικών επιστημών και πληροφορικής. | ||
| 650 | 0 | 0 |
_aΜαθηματικά _vΔιδακτικά βιβλία _910026 |
| 650 | 0 | 0 |
_aΠληροφορική _99850 |
| 942 | _cBK | ||
| 999 |
_c9903 _d9903 |
||